00801nas a22002173 450000100090000000800410000901000170005002200140006724500580008126000280013930000140016731000140018159000620019559000270025771000580028427000790034290600400042194200150046199900170047695200900049311086169960819u xx u 0 0 0und  asv 96005817  a0970-7700 aJournal of research and education in Indian medicine. aVaranasibJREIMc2009*- av.c24 cm aquarterly aSelection Decision based on v. 12, n. 1-4, jan.-dec. 1993 aTitle from title page. aInternational Board of Distinguished Advisory Editors aB-29/19, Lanka Sankat Mochan Road, PO BHUbVaranasie221005zwww.jreim.com bbbccserlocsduencipf19gilsserca 2ddccSRs1 c27652d27652 00102ddc40718NFICaDBADbDBADd2009-06-19l0r2009-06-19 00:00:00w2009-06-19ySR